| 000 | 01986nam a22002057a 4500 | ||
|---|---|---|---|
| 005 | 20251220100256.0 | ||
| 008 | 251220b |||||||| |||| 00| 0 eng d | ||
| 040 | _cAL | ||
| 041 | _akan | ||
| 082 |
_aK894.1 _bANGS |
||
| 100 |
_aAngadi S S _9249639 |
||
| 100 |
_9249636 _dಅಂಗಡಿ ಎಸ್ ಎಸ್ |
||
| 245 |
_aSarala yashodhara charite _b: ಸರಳ ಯಶೋಧರ ಚರಿತೆ |
||
| 260 |
_aBengaluru _bSapna Book House _c2022 |
||
| 300 |
_axii,122p. _bPB _c21.5x14cm |
||
| 365 |
_2Kannada _a001 _b₹80.75 _c₹ _d₹95.00 _e15% |
||
| 520 | _a೧. ಕೃತಿಯ ಸ್ವರೂಪ (Nature of Work) ಮೂಲ ಕೃತಿಯು ಕಠಿಣವಾದ ಹಳಗನ್ನಡದ ಕಂದ ಪದ್ಯಗಳಿಂದ ಕೂಡಿದೆ. ಎಸ್.ಎಸ್. ಅಂಗಡಿಯವರು ಈ ಪದ್ಯಗಳನ್ನು ಇಂದಿನ ಓದುಗರಿಗೆ ಅರ್ಥವಾಗುವಂತೆ ಸುಲಭವಾದ ಹೊಸಗನ್ನಡ ಗದ್ಯಕ್ಕೆ (Prose) ಅನುವಾದಿಸಿದ್ದಾರೆ ಅಥವಾ ಸಂಕ್ಷೇಪಿಸಿದ್ದಾರೆ. ಇದು ಒಂದು 'ಸರಳ ಆವೃತ್ತಿ' (Simple version) ಆಗಿದ್ದು, ಮೂಲ ಕಾವ್ಯದ ರಸಕ್ಕೆ ಧಕ್ಕೆ ಬಾರದಂತೆ ಸಾರಾಂಶವನ್ನು ನೀಡುತ್ತದೆ. ೩. ಮೂಲ ಪದ್ಯಗಳ ಪ್ರಭಾವ ಅಂಗಡಿಯವರ ಈ 'ಸರಳ' ರೂಪಾಂತರವು ಮೂಲ ಜನ್ನನ ಕಾವ್ಯದ ಪ್ರಸಿದ್ಧ ಭಾಗಗಳನ್ನು ಒಳಗೊಂಡಿದೆ: ಯಶೋಧರ ರಾಜನ ವೈಭವದ ವರ್ಣನೆ. ಅಮೃತಮತಿಯು ಅಷ್ಟಾವಂಕನ ಹಾಡಿಗೆ ಮಾರುಹೋಗುವ ಪ್ರಸಂಗ. ಕೊನೆಯಲ್ಲಿ ಮಾರಿದತ್ತ ರಾಜನ ಮನಃಪರಿವರ್ತನೆಯ ಸನ್ನಿವೇಶ. | ||
| 650 |
_aKannada Poetry _9249637 |
||
| 942 |
_2ddc _cBK |
||
| 999 |
_c240735 _d240735 |
||